Normal view
MARC view
- Hannigan, Tim.
Entry Personal Name
001 - CONTROL NUMBER
- control field: 5426
003 - CONTROL NUMBER IDENTIFIER
- control field: NUST
005 - DATE AND TIME OF LATEST TRANSACTION
- control field: 20171013102458.0
008 - FIXED-LENGTH DATA ELEMENTS
- fixed length control field: 171013|| aca||aabn | a|a d
040 ## - CATALOGING SOURCE
- Original cataloging agency: NUST
- Transcribing agency: NUST
100 ## - HEADING--PERSONAL NAME
- Personal name: Hannigan, Tim.
670 ## - SOURCE DATA FOUND
- Source citation: Work cat.: (NUST)0: Hannigan, Tim., Murder in the Hindu Kush :, 2011.
